000 01082nam a22002537a 4500
003 OSt
005 20250411105838.0
008 240913b ||||| |||| 00| 0 eng d
040 _c0
082 _aDPer 621.317 Ie21 December 2022 v.37 n. 12 part 1&2.
100 _aZhou, Minghua.
_eauthor.
_961050
245 _aModular stacked multiport wireless energy interconnected system with virtual ac bus and its power flow control strategy /
_cMinghua Zhou, Fuxim Liu, Kongjun Lu, and Xuling Chen.
260 _aNew York ;
_bThe Institute of Electrical and Electronics Engineers, Inc.,
_cDecember 2022.
300 _avolume 37, pages 15774-15784,
_billustration.
500 _aIEEE Transactions on Power Electronics, v. 37 n. 12, pages 15774-15784, December 2022.
650 0 _aBipolar coils.
_966370
650 0 _amodularization.
_966371
650 0 _amultisource multiload.
_966372
700 _aZhou, Minghua.
_eauthor.
_961050
700 _aLiu, Fuxim.
_eauthor.
_961051
700 _aLu, Kongjun.
_eauthor.
_961052
700 _aChen, Xuling.
_eauthor.
_961053
942 _2ddc
_cPER
999 _c21630
_d21630